000 00558nam a2200229Ia 4500
005 20250425161809.0
008 250425s9999 xx 000 0 und d
020 _a9584100149
041 _aspa
082 _a628.16
100 _aARBOLEDA VALENCIA, JORGE
245 0 _aTEORIA Y PRACTICA DE LA PURIFICACION DEL AGUA: TOMO II
250 _a3A ED.
260 _aBOGOTA
260 _aColombia
_bMCGRAW HILL
_c2000
300 _a793
650 _aAGUA
650 _aAGUA-FILTRACION
650 _aAGUA-TRATAMIENTO
942 _c01
010 _a29968
999 _c216280
_d216280